POWER HUNGRY STRATEGIC INVESTING IN TELE (Record no. 8185)

MARC details
000 -LEADER
fixed length control field 00362nam a2200133Ia 4500
008 - FIXED-LENGTH DATA ELEMENTS--GENERAL INFORMATION
fixed length control field 240624s9999 xx 000 0 und d
041 ## - LANGUAGE CODE
Language code of text/sound track or separate title eng
082 ## - DEWEY DECIMAL CLASSIFICATION NUMBER
Classification number 332.6322 CON
100 ## - MAIN ENTRY--PERSONAL NAME
Personal name CONRAD ROGER S
245 ## - TITLE STATEMENT
Title POWER HUNGRY STRATEGIC INVESTING IN TELE
260 ## - PUBLICATION, DISTRIBUTION, ETC.
Date of publication, distribution, etc. 2002
Place of publication, distribution, etc. New Jersey
Name of publisher, distributor, etc. John Wiley and Sons
300 ## - PHYSICAL DESCRIPTION
Extent xxvi, : 310 : p. : cm. ; 23
365 ## - TRADE PRICE
Currency code
Price amount 35
Holdings
Withdrawn status Lost status Damaged status Not for loan Home library Current library Shelving location Date acquired Source of acquisition Cost, normal purchase price Total Checkouts Total Renewals Full call number Barcode Date last seen Date last checked out Copy number Price effective from Koha item type
        IMTN IMTN Rack 11-A 01/23/2008 BU 44.94 1 1 332.6322 CON 8185 07/12/2025 07/03/2025 39.27 06/24/2024 Books
Designed & Maintained by: LRC IMT Nagpur Contact: lrc@imtnag.ac.in© 2024. All Rights Reserved.